Estadística básica / (Registro nro. 7560)

Detalles MARC
000 -LIDER
fixed length control field 01285nam a2200313 a 4500
001 - NÚMERO DE CONTROL
Identificador de número de control 000028198
003 - IDENTIFICACDOR DE NÚMERO DE CONTROL
control field DO-SdBNP
005 - DATE AND TIME OF LATEST TRANSACTION
control field 20171004103423.0
007 - CAMPOS FIJOS DE DESCRIPCIÓN FÍSICA
fixed length control field 000028198
008 - ELEMENTOS DE LONGITUD FIJA
fixed length control field 110407s2011 dr 000 0 spa d
020 ## - ISBN
International Standard Book Number 9993445701
040 ## - FUENTE DE CATALOGACIÓN
Agencia que crea de manera original el registro BPMSU
Idioma de catalogación spa
Agencia que realiza la transcripción BPMSU
082 ## - NÚMERO DE CLASIFICACIÓN DECIMAL DE DEWEY
Edition number
Classification number 310
Item number C987e, 2011
100 1# - ASIENTO PRINCIPAL -- NOMBRE PERSONAL
Nombre personal Custodio, Carlos
245 10 - MENCIÓN DE TITULO
Título Estadística básica /
Mención de responsabilidad Carlos Custodio ; prólogo Manuel Mejía.
250 ## - MENCIÓN DE EDICION
Mención de edición 5ª ed.
260 ## - PUBLICACIÓN, DISTRIBUCIÓN, ETC. (PIE DE IMPRENTA)
Lugar de publicación, distribución, etc San Francisco de Macorís, República Dominicana :
Nombre del editor, distribuidor, etc. EME,
Fecha de publicación, distribución, etc 2011.
300 ## - DESCRIPCIÓN FÍSICA
Extensión 303 p. ;
Dimensiones 22 cm.
504 ## - NOTA DE BIBLIOGRAFÍA, ETC.
Bibliography, etc Bibliografía: p. 299-303.
505 0# - NOTA DE CONTENIDO
Título Prólogo --
-- Introducción --
-- Aspectos básicos --
-- Muestreo --
-- Los datos estadísticos: su clasificación y organización --
-- Presentación de datos estadísticos --
-- Medidas de tendencia central o de posición --
-- Medidas de dispersión --
-- Medidas de asimetría y de apuntamiento o curtosis --
-- Números índices --
-- Bibliografía.
650 #4 - ENCABEZAMIENTO DE MATERIA--TEMÁTICO
Término temático o nombre geográfico como elemento de entrada ESTADÍSTICA
Subdivisión temática general ENSEÑANZA
650 #4 - ENCABEZAMIENTO DE MATERIA--TEMÁTICO
Término temático o nombre geográfico como elemento de entrada MUESTREO (ESTADÍSTICA)
650 #4 - ENCABEZAMIENTO DE MATERIA--TEMÁTICO
Término temático o nombre geográfico como elemento de entrada ESTADÍSTICA
Subdivisión temática general PROBLEMAS, EJERCICIOS, ETC.
700 12 - ASIENTO SECUNDARIO -- NOMBRE PERSONAL
Nombre personal Mejía Manuel,
Mención de responsabilidad pról.
910 ## - VALIDACIÓN
Validación Validado. Control de calidad BNPHU
942 ## - ADDED ENTRY ELEMENTS (KOHA)
Source of classification or shelving scheme Dewey Decimal Classification
Koha item type Libros
945 ## - INFORMACIÓN DE PROCESAMIENTO LOCAL
Información de procesamiento local Inventario /2017 VM
956 ## - LOCAL ELECTRONIC LOCATION AND ACCESS (OCLC)
Nombre de host VMATEO
Número de acceso 10
Información de compresión 20150306
Inicio de sesión BPMSU
Procesador de solicitud 00151
Existencias
Withdrawn status Lost status Source of classification or shelving scheme Damaged status Not for loan Collection code Home library Current library Date acquired Source of acquisition Total Checkouts Full call number Barcode Date last seen Price effective from Koha item type Copy number
    Dewey Decimal Classification     Colección Dominicana Biblioteca Pública Metropolitana Salomé Ureña Biblioteca Pública Metropolitana Salomé Ureña 03/06/2015 Editora Búho   310 C987e 2011 BPMSU15040281 03/06/2015 03/06/2015 Libros  
    Dewey Decimal Classification     Colección Dominicana Biblioteca Pública Metropolitana Salomé Ureña Biblioteca Pública Metropolitana Salomé Ureña 03/06/2015 Editora Búho   310 C987e 2011 BPMSU15040282 03/06/2015 03/06/2015 Libros e. 2
    Dewey Decimal Classification     Colección Dominicana Biblioteca Pública Metropolitana Salomé Ureña Biblioteca Pública Metropolitana Salomé Ureña 03/06/2015 Editora Búho   310 C987e 2011 BPMSU15040283 03/06/2015 03/06/2015 Libros e. 3